00643nam a2200169Ia 4500008004100000020001800041041000800059082001900067100009800086245003800184250000600222260006400228300000800292650001900300999001900319952013500338210716s2019 xx 000 0 und d a9789352138845 aeng a574.80285 PATD aPatil, Dnyaneshwari D; Manza, Ramesh R; Deshmukh, Prapti; Rajput, Yogesh M; Kamble, Anupriya. aEmerging areas in bioinformatics. a1 aMumbaibShroff Publications and Distributers Pvt Ltdc2019 a322 aBioinformatics c197106d197106 001040708MCAaAIMITbAIMITeShroff Publishersg700.00l0o574.80285 PATDpMCA16621r2025-07-21 00:00:00v525.00w2021-07-16yBK